Normal view
MARC view
- SCHOFER, W. RONALD OPENHEIN V. ALAN
Entry Personal Name
001 - CONTROL NUMBER
- control field: 86852
003 - CONTROL NUMBER IDENTIFIER
- control field: NUST
005 - DATE AND TIME OF LATEST TRANSACTION
- control field: 20211221110749.0
008 - FIXED-LENGTH DATA ELEMENTS
- fixed length control field: 211221|| aca||aabn | a|a d
040 ## - CATALOGING SOURCE
- Original cataloging agency: NUST
- Transcribing agency: NUST
100 ## - HEADING--PERSONAL NAME
- Personal name: SCHOFER, W. RONALD OPENHEIN V. ALAN
670 ## - SOURCE DATA FOUND
- Source citation: Work cat.: (NUST): SCHOFER, W. RONALD OPENHEIN V. ALAN., DIGITAL SIGNAL PROCESSING /, 2015.
